Les 12 villes les plus polluées au monde - Statistiques

Statistiques générales
  • Ce quiz a été pris 66 fois
    42 depuis la dernière actualisation
  • Le résultat moyen est 3 sur 12
Statistiques - réponses
AQI Ville % Correct
224 Delhi
93%
144 Mumbai
73%
152 Dacca
49%
115 Jakarta
49%
155 Wuhan
27%
203 Lahore
24%
165 Kinshasa
20%
132 Ho Chi Minh Ville
5%
119 Tel-Aviv- Yafo
5%
169 Oulan-Bator
2%
131 Batam
0%
140 Incheon
0%
Aucun quiz correspondant
Distribution des résultats
% des personnes avec chaque résultat
Percentile par nombre de réponses
Votre historique - résultats
Vous n’avez pas pris ce quiz depuis la dernière actualisation